| 000 | 01157nam a22003377a 4500 | ||
|---|---|---|---|
| 003 | CHAP | ||
| 005 | 20240502083937.0 | ||
| 008 | 100511s2009 mx r 00010 spa d | ||
| 010 | _a98361 | ||
| 011 | _a99333 | ||
| 020 | _a9706289437 | ||
| 035 | _a110019 | ||
| 040 | _cCHAP | ||
| 082 | 1 | 4 |
_a305.56 _bC74 |
| 110 | 1 |
_aMéxico. Consejo Nacional de Población _976888 |
|
| 245 | 1 | 0 |
_aÍndice de marginación urbana _c/por Consejo Nacional de Población |
| 260 |
_aMéxico, D.F. : _bCONAPO, _c2000- |
||
| 300 |
_av. : _bilus., cuadros, gráfs., mapas _e+ 1 CD ROM (4 3/4 plg.) |
||
| 500 | _aLa biblioteca tiene : año 2000 (Contiene CD), año 2005 (Contiene CD) | ||
| 590 |
_b10 _c20130110 |
||
| 590 |
_aBATCH-UPD _b10 _c20130410 |
||
| 590 |
_aBATCH-UPD _b10 _c20130914 |
||
| 590 |
_aCONVERSION _b10 _c20130109 |
||
| 650 | 1 | 4 |
_aMarginalidad social. _971348 |
| 650 | 1 | 4 |
_aMéxico _xCondiciones económicas. |
| 650 | 1 | 4 |
_aMéxico _xCondiciones sociales. _976730 |
| 901 | _aBK | ||
| 942 |
_cLIBRO _2ddc |
||
| 949 |
_a305.56 C74 _bBC _cC _d33724002108090 _eC _f2000 _h113547 _i110019 _sb |
||
| 949 |
_a305.56 C74 _bBC _cC _d33724002129644 _eC _f2005 _h112487 _i110019 _sb |
||
| 999 |
_c98361 _d98361 |
||